Bankovnictví

Enregistré dans:
Détails bibliographiques
Auteur principal: Polouček, Stanislav
Format: Livre
Langue:tchèque
Publié: Praha C. H. Beck 2013
Édition:2. vyd.
Collection:Beckovy ekonomické učebnice
Sujets:
Tags: Ajouter un tag
Pas de tags, Soyez le premier à ajouter un tag!

MARC

LEADER 00000nam a2200000 4500
001 0185636
005 20240226134010.7
020 |a 978-80-7400-491-9 
041 0 |a cze 
044 |a CZ 
245 1 0 |a Bankovnictví  |c Stanislav Polouček a kol. 
250 |a 2. vyd. 
264 1 |a Praha  |b C. H. Beck  |c 2013 
300 |a xvi, 480 s. 
490 1 |a Beckovy ekonomické učebnice 
830 0 |a Beckovy ekonomické učebnice 
610 2 0 |a bankovníctvo 
610 2 0 |a služby finančné 
610 2 0 |a trh finančný 
610 2 0 |a politika menová 
610 2 0 |a inflácia 
610 2 0 |a Česko 
610 2 0 |a štruktúra organizačná 
610 2 0 |a styk platobný 
610 2 0 |a hospodárenie finančné 
610 2 0 |a riziko podnikateľské 
610 2 0 |a pasíva 
610 2 0 |a aktíva 
610 2 0 |a bankovníctvo investičné 
610 2 0 |a regulácia 
610 2 0 |a dohľad bankový 
610 2 0 |a fúzie 
610 2 0 |a akvizícia 
610 2 0 |a koncentrácia 
610 2 0 |a konkurencia 
100 1 |a Polouček, Stanislav